L'Irak pour les touristes... - Statistiques

Statistiques générales
  • Ce quiz a été pris 9 fois
  • Le résultat moyen est 5 sur 20
Statistiques - réponses
Question Indice Réponses % Correct
Quelles sont les langues officielles ? Arabe
100%
Quelles sont les langues officielles ? Kurde
75%
Le principal aéroport est B Bagdad
50%
Quelles sont les principaux lieux touristiques ? B Vieille ville de {Bagdad}
50%
Dans la capitale quel est le décalage horaire avec Paris ? (+ ou - et chiffre) ex - 10 ou + 3,5 + 1
38%
Le suffixe internet est iq
38%
La religion majoritaire est Islam
38%
Combien d'heures (environ) mettrez-vous pour vous y rendre ? (en chiffres) 10
25%
Quel est le climat local ? C Continental
13%
Quelle est la monnaie ? Dinar irakien
13%
Quel est le régime du pays ? R P République parlementaire
13%
Quelles sont les principaux lieux touristiques ? U Ziggourat d'{Ur}
13%
Quelles sont les principaux lieux touristiques ? A Cité antique d'{Assour}
0%
Comment se nomme la principale compagnie aérienne locale I A Iraqi Airways
0%
Code sur les plaques minéralogiques IRQ
0%
Achats à faire 1/ Tapis de type Kilim
0%
Achats à faire 2/ Tapis kurde Koliai
0%
Quelles sont les principaux lieux touristiques ? H Temples de {Hatra}
0%
Achats à faire 3/ Boisson chaude locale Thé à la {cardamone}
0%
Quelles sont les principaux lieux touristiques ? K Ville de {Karbala}
0%
Aucun quiz correspondant
Distribution des résultats
% des personnes avec chaque résultat
Percentile par nombre de réponses
Votre historique - résultats
Vous n’avez pas pris ce quiz